000 01557nam0a2200349 4500
001 RU\NLR\BIBL_A\011898527
005 20190114091222.0
010 _a978-5-7017-3005-0
_9500
021 _aRU
_bКН-П-18-090515
_9КН-П-18-6577
035 _a(NLR Aleph) 011898527
035 _a(RuMoRGB)009820962
090 _a10870418
_c10870418
100 _a20181221d2018 k y0rusy50 ca
101 0 _arus
102 _aRU
105 _aa|||z|||000zy
200 1 _aПроблемы эволюционного развития экономики
_eмонография
_fЕ. Н. Лобачёва, Е. А. Погребинская, Г. А. Рыбина
_gпод редакцией Е. А. Погребинской
210 _aМосква
_cИнформационно-издательсое управление МГОУ
_d2018
215 _a241 с.
_cил., табл.
_d21
320 _aБиблиогр.: с. 227-236 (146 назв.) и в подстроч. примеч.
606 1 _aЭкономика
_2nlr_sh1
_2nlr_sh2
_3RU\NLR\AUTH\66284709
606 1 _aЭкономические системы
_2nlr_sh1
_2nlr_sh2
_3RU\NLR\AUTH\66926917
686 1 _aУ
686 1 _aУ010.5
700 1 _aЛобачёва
_bЕ. Н.
_gЕлена Николаевна
701 1 _aПогребинская
_bЕ. А.
_gЕкатерина Александровна
701 1 _aРыбина
_bГ. А.
_gГалина Алексеевна
942 _cBOOK
980 _aNBR
980 _aNB